Ten Decades Ago 1840 - 1850 (Record no. 1121)
[ view plain ]
| 000 -LEADER | |
|---|---|
| fixed length control field | 00296nam a22001217a 4500 |
| 003 - CONTROL NUMBER IDENTIFIER | |
| control field | OSt |
| 008 - FIXED-LENGTH DATA ELEMENTS--GENERAL INFORMATION | |
| fixed length control field | 150406b xxu||||| |||| 00| 0 eng d |
| 041 ## - LANGUAGE CODE | |
| Language code of text/sound track or separate title | eng |
| 100 1# - MAIN ENTRY--PERSONAL NAME | |
| Personal name | Boggs, Winthrop |
| 245 10 - TITLE STATEMENT | |
| Title | Ten Decades Ago 1840 - 1850 |
| 260 ## - PUBLICATION, DISTRIBUTION, ETC. (IMPRINT) | |
| Name of publisher, distributor, etc. | The American Philatelic Society, Inc. |
| 300 ## - PHYSICAL DESCRIPTION | |
| Extent | 0 pages |
| Withdrawn status | Lost status | Source of classification or shelving scheme | Damaged status | Not for loan | Collection code | Permanent Location | Current Location | Date acquired | Total Checkouts | Full call number | Barcode | Date last seen | Date last checked out | Copy number | Price effective from | Koha item type | Shelving location |
|---|---|---|---|---|---|---|---|---|---|---|---|---|---|---|---|---|---|
| Richard Drews | Northern Philatelic Library | Northern Philatelic Library | 04/06/2015 | 1 | G3801 P964 B674 | 1000789 | 01/22/2026 | 09/25/2025 | 1 | 06/28/2015 | Books | ||||||
| Northern Philatelic Library | Northern Philatelic Library | 06/25/2018 | G3801 P964 B674 | 1005167 | 06/25/2018 | 2 | 06/25/2018 | General Stacks |